000 01225cam a22002651 4500
001 e 39000186
003 DLC
005 20260227111228.0
008 770728s1935 iau s000 0 eng c
010 _ae 39000186
035 _a(OCoLC)3146694
040 _aU.S. Off. of educ. Library
_cViU-L
_dViU-L
_dDLC
042 _apremarc
050 0 0 _aLB2529
_b.I9 1935
051 _aLB2529
_b.I9 1935 Suppl.
110 1 _aIowa.
245 1 0 _aSchool laws from the Code of 1935 :
_bwith notes, forms, annotations and decisions for use and government of directors and school officers /
_cAgnes Samuelson, superintendent of public instruction ; prepared by Fred L. Mahannah, deputy.
260 _aDes Moines :
_bThe State,
_c[1935]
300 _a560 p.
_c22 cm.
500 _aAt head of title: State of Iowa, 1935.
500 _aAccompanied by : Supplement to the 1935 edition of the school laws of Iowa / Jessie M. Parker, superintendent of public instruction ; prepared by Fred L. Mahannah (212 p. ; 23 cm.) Des Moines : The State, [1939] Call number: LB2529 .I9 1935 Suppl.
650 0 _aEducational law and legislation
_zIowa.
700 1 _aMahannah, Fred L.,
_ecomp.
710 1 _aIowa.
_bDepartment of Public Instruction.
999 _c21662
_d21662